00465nam a22001577a 450000500170000001000150001702000270003203500140005903700130007308200140008610000170010024500470011726000340016427000890019830000200028720180702170044.0 aENG-123215 a9789350300312c1495.00 aEN-106747 bDBAD/PUB a363.73874 aMittal Vijay aClimate system and ozone/cby Vijay Mittal aNew DelhibOxford book c2012 aB.O.102,1st Floor, Satyam House, 4327/3, Ansari Road, Darya Ganj,bNew Delhie110002 a278p.c22cm(Hb)